000 00741nam a2200193 4500
008 031118s1983 enkabf b 001 0beng c
020 _a0246116153 :£10.95/USD7.95
090 _aDR506
_bB76s
100 1 _aBridge, Antony.
245 1 0 _aSuleiman the Magnificent :
_bscourge of heaven /
_cAntony Bridge.
260 _aLondon :
_aNew York :
_bGranada,
_c1983.
300 _axii, 220 p., [16] p. of plates :
_bill., maps ;
_c24 cm.
500 _aIncludes index.
504 _aBibliography: p. [210]-211.
600 1 4 _aSüleyman
_bI,
_cSultan of the Turks,
_d1494 or 5-1566.
650 4 _aSultans
_zTurkey
_xBiography.
651 4 _aTurkey
_xHistory
_ySüleyman I, 1520-1566.
951 _p26660
_x00025037
_oDR506/B76s
_j070613111324656
_d2000-12-21
_cGC
999 _c18222
_d18222